| 000 | 00461nam a2200217Ia 4500 | ||
|---|---|---|---|
| 001 | 085982 | ||
| 003 | YMCAF | ||
| 005 | 20230512161535.0 | ||
| 008 | 100717s2003 ||||||||||||||||| ||und|d | ||
| 024 | _a85982 | ||
| 035 | _a25441 | ||
| 040 |
_aYMCAF _beng _cIN-KoLT |
||
| 041 | _aeng | ||
| 082 |
_a511.1 _bLIP |
||
| 100 | _aLipschutz | ||
| 245 | 0 | _aDiscrete mathematics(Schaums) | |
| 250 | _a2nd | ||
| 260 |
_bTMH _c2003 |
||
| 300 | _a528 | ||
| 942 |
_2ddc _cBK |
||
| 999 |
_c9087 _d9087 |
||